|
|
|
|
| LEADER |
01508nam a2200373 a 4500 |
| 001 |
EBC863076 |
| 003 |
MiAaPQ |
| 005 |
20200520144314.0 |
| 006 |
m o d | |
| 007 |
cr cn||||||||| |
| 008 |
111212s2012 nyua sb 001 0 eng d |
| 010 |
|
|
|z 2011051117
|
| 020 |
|
|
|z 9780826155726
|
| 020 |
|
|
|a 9780826155733 (electronic bk.)
|
| 035 |
|
|
|a (MiAaPQ)EBC863076
|
| 035 |
|
|
|a (Au-PeEL)EBL863076
|
| 035 |
|
|
|a (CaPaEBR)ebr10530633
|
| 035 |
|
|
|a (CaONFJC)MIL353274
|
| 035 |
|
|
|a (OCoLC)776608856
|
| 040 |
|
|
|a MiAaPQ
|c MiAaPQ
|d MiAaPQ
|
| 050 |
|
4 |
|a RT89.3
|b .B38 2012
|
| 082 |
0 |
4 |
|a 362.173
|2 23
|
| 100 |
1 |
|
|a Bateman, Nancy.
|
| 245 |
1 |
4 |
|a The business of nurse management
|h [electronic resource] :
|b a toolkit for success /
|c Nancy Bateman.
|
| 260 |
|
|
|a New York :
|b Springer,
|c 2012.
|
| 300 |
|
|
|a xv, 246 p. :
|b ill.
|
| 504 |
|
|
|a Includes bibliographical references and index.
|
| 505 |
0 |
|
|a pt. 1. Managing labor and productivity : the nurse manager's role -- pt. 2. Managing nonlabor and supplies -- pt. 3. Finance -- pt. 4. Resource management -- pt. 5. Developing leadership skills.
|
| 533 |
|
|
|a Electronic reproduction. Ann Arbor, MI : ProQuest, 2015. Available via World Wide Web. Access may be limited to ProQuest affiliated libraries.
|
| 650 |
|
0 |
|a Nurse administrators.
|
| 650 |
|
0 |
|a Nursing services
|x Administration.
|
| 655 |
|
4 |
|a Electronic books.
|
| 710 |
2 |
|
|a ProQuest (Firm)
|
| 856 |
4 |
0 |
|u https://ebookcentral.proquest.com/lib/matrademy/detail.action?docID=863076
|z Click to View
|